|
|
|
|
| LEADER |
00000nam0a2200000 4500 |
| 001 |
313725 |
| 005 |
20231102002616.0 |
| 020 |
|
|
|a RU
|b 82-59642
|
| 035 |
|
|
|a (RuTPU)RU\TPU\book\339110
|
| 090 |
|
|
|a 313725
|
| 100 |
|
|
|a 20160202d1982 km y0rusy5003 ca
|
| 101 |
0 |
|
|a rus
|
| 102 |
|
|
|a RU
|
| 105 |
|
|
|a a z 001zy
|
| 200 |
1 |
|
|a Восстановительные газы и кислород в доменной плавке
|f Е. Н. Тихомиров
|
| 210 |
|
|
|a Москва
|c Металлургия
|d 1982
|
| 215 |
|
|
|a 104 с.
|c ил.
|
| 320 |
|
|
|a Библиогр.: с. 101-104
|
| 606 |
1 |
|
|a Доменное производство
|x Охрана труда
|2 stltpush
|3 (RuTPU)RU\TPU\subj\9900
|9 37052
|
| 610 |
1 |
|
|a доменные печи
|
| 610 |
1 |
|
|a отходящие газы
|
| 610 |
1 |
|
|a использование
|
| 610 |
1 |
|
|a кислород
|
| 610 |
1 |
|
|a доменная плавка
|
| 610 |
1 |
|
|a углеводороды
|
| 610 |
1 |
|
|a вдувание
|
| 610 |
1 |
|
|a горячие газы
|
| 610 |
1 |
|
|a эффективность
|
| 675 |
|
|
|a 669.162.2
|z rus
|v 3
|
| 700 |
|
1 |
|a Тихомиров
|b Е. Н.
|g Евгений Николаевич
|4 070
|
| 801 |
|
0 |
|a RU
|b RuMRKP
|c 19950704
|g psbo
|
| 801 |
|
1 |
|a RU
|b 63413507
|c 20160202
|
| 801 |
|
2 |
|a RU
|b 63413507
|c 20191224
|g RCR
|
| 942 |
|
|
|c BK
|